01017 a2200181 45000010006000000050017000060080041000230030015000640400040000790800035001192450060001540200018002142640044002323000023002765050496002990410008007951000032008033925420260407155651.0260407a1987 arg spa dAR-UNSa-BCEJYS aAR-UNSa-BCEJYSbspacAR-UNSa-BCEJYS a35xAdministración Pública10aCómo administrar un paíspvocación y motivación a950-14-0381-5 1aBuenos Aires :bEdiciones Depalmac1987 axi, 585 p.c23 cm. a1. Naturaleza del problema - 2. El ejercicio de la función pública - 3. Criterios para la acción del administrador público - 4. La ciencia de la administración del Estado - 5. La formación del administrador público - 6. Contribución de la geoadministración - 7. Los espacios geoadministrativos. Aplicaciones de propósito didáctico y de programación político-administrativa - 8. Una disciplina contribuyente al objeto de la ciencia de la administración del Estado aspa1 aRodríguez Arias, Julio C.